00459nam a22001697a 450000500170000001000140001702000260003103500130005703700130007008200080008310000180009124500410010926000290015027000530017930000260023250000310025820100728155426.0 aENG-97218 c500.00a9788177112153 aEN-80751 bDBAD/PUB a881 aVerma, Satish aEncounters with I /cby Satish Verma aJaipurbSahityagarc2010 a958, Dhamani Market, Chara RastabJaipure302003 aviii, 109pc21cm (Hb) asame ISBN no in hindi book